| 000 | 00990naa a22003017a 4500 | ||
|---|---|---|---|
| 001 | BR6004593 | ||
| 003 | BR-BrBNA | ||
| 005 | 20240918172856.0 | ||
| 007 | ta | ||
| 008 | 230509b bl.||||| |||| 00| 0 por d | ||
| 040 |
_aBR-BrBNA _bpor _cBiblioteca Nacional de Agricultura |
||
| 041 | _a(Pt) | ||
| 072 |
_aL73 _b5212 |
||
| 090 | _aL73 BR6004593 | ||
| 100 | 1 | _aReis, R. | |
| 245 | 1 | _aDoencas infecciosas dos bezerros. Brucelose, raiva bovina, leptospirose bovina | |
| 260 | 3 |
_aSao Paulo, SP (Brasil): _c[nd]. |
|
| 500 | _a2. Curso de Pecuaria Leiteira Sao Paulo, SP (Brasil): [nd]. p. 300-331 (BR6004593-AM)L73 | ||
| 650 | _aDoenca animal | ||
| 650 | _aBovino | ||
| 650 | _aBezerro | ||
| 650 | _aBrucelose | ||
| 650 | _aRaiva | ||
| 650 | _aLeptospirose | ||
| 773 | 0 |
_t2. Curso de Pecuaria Leiteira [Manejo; Reproducao animal; Inseminacao artificial] _w5214 BR6004582 _gSao Paulo, SP (Brasil), [nd]. _qv. 1-3 |
|
| 909 |
_a202404 _bLucia _c55 _dLucia Elande |
||
| 942 |
_cAM _2AGRIS |
||
| 999 |
_c301861 _d301861 |
||